Brentford Current Squad - Statistics

General Stats
  • This quiz has been taken 4,764 times
    1,040 since last reset
  • The average score is 15 of 32
Answers on the Map
Answers color-coded by a green-red scale on the quiz's map according to % correct below.
 
Answer Stats
# Position Player Nation % Correct
1 GK Caoimhín Kelleher
95%
6 MF Jordan Henderson
94%
9 FW Igor Thiago
87%
7 FW Kevin Schade
86%
24 MF Mikkel Damsgaard
81%
5 DF Ethan Pinnock
76%
14 MF Fábio Carvalho
65%
20 DF Kristoffer Ajer
64%
3 DF Rico Henry
64%
22 DF Nathan Collins
63%
8 MF Mathias Jensen
62%
2 DF Aaron Hickey
61%
4 DF Sepp van den Berg
61%
11 FW Reiss Nelson
57%
27 MF Vitaly Janelt
57%
15 MF Frank Onyeka
55%
23 MF Keane Lewis-Potter
53%
19 FW Dango Ouattara
52%
Head Coach Keith Andrews
45%
33 DF Michael Kayode
45%
18 MF Yehor Yarmolyuk
41%
12 GK Hákon Valdimarsson
29%
17 MF Antoni Milambo
22%
13 GK Matthew Cox
17%
26 MF Yunus Emre Konak
17%
25 MF Myles Peart-Harris
15%
39 FW Gustavo Nunes
14%
31 GK Ellery Balcombe
13%
32 MF Paris Maghoma
12%
45 FW Romelle Donovan
12%
43 DF Benjamin Arthur
9%
41 GK Julian Eyestone
9%
No matching quizzes found
Score Distribution
Percent of People with Each Score
Percentile by Number Answered
Your Score History
You have not taken this quiz since the last reset